000
00242nam a2200097Ia 4500
001
744060
005
20250826164250.0
008
250824s9999 xx 000 0 und d
245
0
_a
ZİNDAN ADASI
_c
AHMET BAKİ YERLİ
260
_b
ACAYİP YAYINLARI
999
_c
744060
_d
744060